000 00479nam a2200181Ia 4500
003 GCL
008 140319s9999 xx 000 0 ara d
040 _aGCL /
_cGCL
082 0 4 _a217.5
_bا ا
100 1 _aامين الخولى
245 1 0 _aالادب /
_cامين الخولى
260 _a[S.N] :
_bجامعة المنوفية ،
_c1966
300 _a81 ص
490 _a
650 0 4 _aالادباء العرب
650 0 4 _aامين الخولى
942 _2ddc
_cBK
999 _c36580
_d36580